000 01046nam a2200289Ia 4500
003 OSt
005 20250415154545.0
008 191128s2010 ck er 000 f spa d
020 _a9788466637497
040 _aCO-JMCR
_cCO-JMCR
041 _aspa
041 1 _aspa
_hger
082 0 4 _aA-N
_bKUTs
_223
100 1 _aKutscher, Volker,
_eautor
_97163
245 1 0 _aSombras sobre Berlín /
_cVolker Kutscher ; traducción de Susana Andrés
250 _a1a. edición
260 _aBogotá :
_bEdiciones B,
_c2010.
300 _a530 páginas ;
_c23 cm.
490 0 _aGrandes novelas
500 _aIncluye datos biográficos y foto del autor en solapa.
520 _aCorre el año 1929 y berlín es una metrópoli rutilante, llena de bares y burdeles, en cuyos barrios obreros se urden revueltas y donde están a punto de ocurrir eventos que cambiarán la historia.
534 _pDer nase Fisch
546 _aTraducido del alemán.
650 0 4 _aNovela inglesa
_9193
700 1 _aAndrés, Susana,
_etraductora
_9990
942 _2ddc
_cBK
999 _c4501
_d4501